000 00693nam a2200205Ia 4500
005 20241216011518.0
008 190429s9999||||xx |||||||||||||| ||und||
082 _a796.5
_bH82
100 _aHUARICANCHA PORTAL NOEL MELECIO, PORRAS ESPINOZA EVA JAKELIN
245 0 _aEL TURISMO ALTERNATIVO Y SU INCIDENCIA EN EL DESARROLLO DEL SANTUARIO NACIONAL DE HUAYLLAY
250 _a0
260 _aCERRO DE PASCO-PERU
_bUNDAC
_c2009
300 _a129 pag.
_c30 cm.
341 _h0
490 _v0
_a0
505 _aPLANTEAMIENTO DEL PROBLEMA/MARCO TEORICO/METODOLOGIA/ANALISIS /CONCLUSIONES
541 _aD
_bHUARICANCHA PORTAL NOE
_d12-Jul-10
_oSoles
650 _aAdministración
942 _cTESIS
999 _c43910
_d43910